MS/Thesis:3D-QSAR Guided Design, Biological Evaluation and Lead Optimization of Promising Inhibitors of the Multidrug Resistance Transporter P-glycoprotein (P-gp) (Record no. 531575)
[ view plain ]
| 000 -LEADER | |
|---|---|
| fixed length control field | 00525nam a22001457a 4500 |
| 003 - CONTROL NUMBER IDENTIFIER | |
| control field | NUST |
| 008 - FIXED-LENGTH DATA ELEMENTS--GENERAL INFORMATION | |
| fixed length control field | 191018b ||||| |||| 00| 0 eng d |
| 038 ## - RECORD CONTENT LICENSOR | |
| Staff Name | Nusrat Nadeem |
| 082 ## - DEWEY DECIMAL CLASSIFICATION NUMBER | |
| Classification number | 004 SAB |
| 100 ## - MAIN ENTRY--PERSONAL NAME | |
| Personal name | Iftkhar Saba |
| 9 (RLIN) | 24433 |
| 245 ## - TITLE STATEMENT | |
| Title | MS/Thesis:3D-QSAR Guided Design, Biological Evaluation and Lead Optimization of Promising Inhibitors of the Multidrug Resistance Transporter P-glycoprotein (P-gp) |
| Statement of responsibility, etc. | Saba Iftkhar |
| 260 ## - PUBLICATION, DISTRIBUTION, ETC. | |
| Place of publication, distribution, etc. | Islamabad |
| Name of publisher, distributor, etc. | RCMS NUST |
| Date of publication, distribution, etc. | 2019 |
| 700 ## - ADDED ENTRY--PERSONAL NAME | |
| Relator code | Dr. Ishrat Jabeen(Supervisor) |
| 942 ## - ADDED ENTRY ELEMENTS (KOHA) | |
| Source of classification or shelving scheme | |
| Koha item type | Thesis |
| Withdrawn status | Lost status | Source of classification or shelving scheme | Damaged status | Not for loan | Permanent Location | Current Location | Shelving location | Date acquired | Total Checkouts | Full call number | Barcode | Date last seen | Price effective from | Koha item type |
|---|---|---|---|---|---|---|---|---|---|---|---|---|---|---|
| School of Interdisciplinary Engineering and Sciences (SINES) | School of Interdisciplinary Engineering and Sciences (SINES) | Thesis | 10/18/2019 | 004 SAB | RCMS003162 | 10/18/2019 | 10/18/2019 | Thesis |
